[Event "4NCL/Div2/ATH1 vs. WRO1"]
[Site "Telford ENG"]
[Date "2003.03.09"]
[Round "6.6"]
[White "Burnett, Jim"]
[Black "Milligan, Helen"]
[Result "1-0"]
[WhiteElo "2187"]
[BlackElo "2111"]
[PlyCount "79"]
[EventDate "2003.03.09"]

1. d4 Nf6 2. c4 e6 3. Nf3 b6 4. a3 Bb7 5. Nc3 Be7 6. d5 O-O 7. e4 d6 8. Be2 e5
9. O-O Nbd7 10. Qc2 Ne8 11. b4 g6 12. Ne1 Ng7 13. Nd3 f5 14. f3 Bg5 15. c5 bxc5
16. bxc5 Bxc1 17. Raxc1 Nf6 18. Qa4 Rf7 19. Rb1 Bc8 20. Rb2 Bd7 21. c6 Be8 22.
Rb7 Nfh5 23. Rxa7 Rxa7 24. Qxa7 Qg5 25. Qf2 Qd2 26. Nb1 Qa5 27. Qe3 fxe4 28.
fxe4 Nf4 29. Nxf4 exf4 30. Qd4 g5 31. a4 Re7 32. Nc3 Bg6 33. Rb1 Kf7 34. Bd3
Qa8 35. Rb7 Nh5 36. Qb4 Qh8 37. a5 Qf6 38. a6 f3 39. a7 f2+ 40. Kf1 1-0

[Event "4NCL/Div2/ATH1 vs. WRO1"]
[Site "Telford ENG"]
[Date "2003.03.09"]
[Round "6.7"]
[White "Fulton, Anthony"]
[Black "Barrett, Steve J"]
[Result "1/2-1/2"]
[WhiteElo "2088"]
[BlackElo "2140"]
[PlyCount "119"]
[EventDate "2003.03.09"]

1. Nf3 Nf6 2. c4 g6 3. b3 Bg7 4. Bb2 O-O 5. g3 d6 6. Bg2 c6 7. O-O e5 8. d3
Nbd7 9. Nbd2 h6 10. Qc2 Re8 11. e4 Qc7 12. d4 Nf8 13. dxe5 dxe5 14. c5 N6d7 15.
b4 b5 16. a4 Bb7 17. axb5 cxb5 18. Nb3 Nb8 19. Na5 Nc6 20. Nxc6 Bxc6 21. Bc3
Nd7 22. Rad1 Bf8 23. Rfe1 a5 24. bxa5 Bxc5 25. Bh3 Nf6 26. Rc1 Ba3 27. Bxe5
Rxe5 28. Qxc6 Qxc6 29. Rxc6 Rh5 30. Bc8 Rc5 31. Bb7 Rxc6 32. Bxc6 Rxa5 33. e5
Nh7 34. Rd1 b4 35. Rd8+ Nf8 36. Bd5 Kg7 37. Nd4 Ra7 38. Nb5 Rd7 39. Rxd7 Nxd7
40. e6 fxe6 41. Bxe6 Nc5 42. Bc4 Bb2 43. Kf1 Kf6 44. Ke2 g5 45. h3 Be5 46. Ke3
b3 47. Na3 Bb2 48. Nb1 Ke5 49. f4+ gxf4+ 50. gxf4+ Kf5 51. Bd5 Bc1+ 52. Kd4 Nd7
53. Bxb3 Kxf4 54. Be6 Ne5 55. Bc8 h5 56. Kd5 Ng6 57. Bd7 Kg3 58. Nc3 Nf4+ 59.
Ke4 Ba3 60. Nd5 1/2-1/2

[Event "4NCL/Div2/ATH1 vs. WRO1"]
[Site "Telford ENG"]
[Date "2003.03.09"]
[Round "6.8"]
[White "Keeling, Karen"]
[Black "Weighell, Mark"]
[Result "0-1"]
[WhiteElo "1971"]
[BlackElo "2131"]
[PlyCount "80"]
[EventDate "2003.03.09"]

1. c4 d5 2. cxd5 c6 3. e4 cxd5 4. exd5 Nf6 5. Nc3 g6 6. Bc4 Bg7 7. Nf3 O-O 8.
O-O a6 9. a4 Nbd7 10. d3 Nb6 11. Qb3 Nbd7 12. Be3 Ng4 13. Bf4 Nc5 14. Qc2 b6
15. b4 Nb7 16. Rac1 Nd6 17. Ne4 Bb7 18. Nxd6 exd6 19. Rfe1 Rc8 20. Qa2 Qd7 21.
b5 a5 22. Qd2 Rfe8 23. Rxe8+ Rxe8 24. Re1 Ne5 25. Nxe5 dxe5 26. Be3 Qd6 27. Qa2
e4 28. dxe4 Rxe4 29. Bb3 Bc3 30. Rd1 Bb4 31. Qc2 Rh4 32. g3 Rh5 33. Qe4 Re5 34.
Qf4 Qe7 35. Qf3 Bc5 36. Bxc5 Qxc5 37. Qf4 Rf5 38. Qd2 Qd6 39. Qd4 Rf3 40. Qe4
Rxb3 {Match result 1-0 as Black ineligible player} 0-1

[Event "4NCL/Div2/WES1 vs. SWD2"]
[Site "Telford ENG"]
[Date "2003.03.09"]
[Round "6.1"]
[White "Webb, Richard M"]
[Black "Spice, Alan"]
[Result "1/2-1/2"]
[WhiteElo "2372"]
[BlackElo "2163"]
[PlyCount "80"]
[EventDate "2003.03.09"]

1. e4 e6 2. d3 b5 3. Nf3 c5 4. g3 Nc6 5. Bg2 Bb7 6. O-O d6 7. Re1 Nf6 8. a4 a6
9. axb5 axb5 10. Rxa8 Bxa8 11. Na3 Qb6 12. c3 Be7 13. Qb3 Na7 14. Bg5 h6 15.
Bxf6 Bxf6 16. Nc4 Qc7 17. Nxd6+ Qxd6 18. e5 Bxe5 19. Nxe5 Bxg2 20. Kxg2 O-O 21.
Re3 Nc6 22. Nf3 Rb8 23. Qc2 b4 24. Re4 Qd5 25. Qe2 Rd8 26. d4 cxd4 27. cxd4 Ra8
28. Qd3 Ra2 29. Re2 b3 30. h4 Ra4 31. Qe4 Qxe4 32. Rxe4 Rc4 33. Re3 Na5 34. Nd2
Rc2 35. Nxb3 Nc4 36. Rc3 Rxb2 37. Rxc4 Rxb3 38. Rc8+ Kh7 39. Rc7 Kg6 40. Rd7
Rb5 1/2-1/2

[Event "4NCL/Div2/WES1 vs. SWD2"]
[Site "Telford ENG"]
[Date "2003.03.09"]
[Round "6.2"]
[White "Trevelyan, John"]
[Black "Poulton, James"]
[Result "1/2-1/2"]
[WhiteElo "2191"]
[BlackElo "2375"]
[PlyCount "77"]
[EventDate "2003.03.09"]

1. d4 Nf6 2. c4 c5 3. e3 g6 4. Nc3 Bg7 5. d5 d6 6. Nf3 O-O 7. Be2 a6 8. a4 e6
9. e4 exd5 10. exd5 Bg4 11. O-O Nbd7 12. h3 Bxf3 13. Bxf3 Qb6 14. Qc2 Rae8 15.
Bd2 Kh8 16. Rae1 Ng8 17. Rxe8 Rxe8 18. Re1 Qd8 19. Rxe8 Qxe8 20. Qe4 Ngf6 21.
Qxe8+ Nxe8 22. Be4 Bd4 23. Kf1 Ne5 24. b3 f5 25. Bc2 Nf6 26. f4 Nf7 27. Ke2 Kg7
28. Kd3 Kf8 29. b4 b6 30. Ne2 Bb2 31. a5 bxa5 32. bxc5 dxc5 33. Bxa5 Ke7 34.
Ba4 Nd6 35. Be1 Nfe4 36. Ng1 Bc1 37. Bh4+ Kf8 38. Ne2 Bb2 39. Be1 1/2-1/2

[Event "4NCL/Div2/WES1 vs. SWD2"]
[Site "Telford ENG"]
[Date "2003.03.09"]
[Round "6.3"]
[White "Yeo, Michael J"]
[Black "Gilbert, Jonathan A"]
[Result "1-0"]
[WhiteElo "2251"]
[BlackElo "2087"]
[PlyCount "105"]
[EventDate "2003.03.09"]

1. e4 c6 2. d4 d5 3. exd5 cxd5 4. Bd3 Nc6 5. c3 g6 6. Nf3 Nh6 7. O-O Bg7 8. Re1
O-O 9. h3 Nf5 10. Bf4 a6 11. a4 Nd6 12. Qb3 Nc4 13. Qa2 e5 14. dxe5 Be6 15.
Bxc4 dxc4 16. Nbd2 b5 17. Ne4 b4 18. a5 Qc7 19. Neg5 Bd5 20. Rad1 Rad8 21. Rxd5
Rxd5 22. Qxc4 Qd7 23. cxb4 Nd4 24. Bg3 h6 25. e6 fxe6 26. Nxd4 Rxd4 27. Qxe6+
Qxe6 28. Nxe6 Re8 29. f3 Rxb4 30. Nxg7 Rxe1+ 31. Bxe1 Rb5 32. Bc3 Kf7 33. Kf2
Ke7 34. Ke3 Kf7 35. f4 Ke7 36. f5 gxf5 37. Kf4 Kf7 38. Nxf5 Kg6 39. g4 Rb8 40.
Ne7+ Kf7 41. Nd5 Rd8 42. Nb4 Rd6 43. Be5 Rd8 44. Kf5 Ra8 45. Bc3 Ra7 46. h4 Ra8
47. g5 hxg5 48. hxg5 Ra7 49. g6+ Kg8 50. Nd5 Rb7 51. Bd4 Rb8 52. Ne7+ Kf8 53.
Ke6 1-0

[Event "4NCL/Div2/WES1 vs. SWD2"]
[Site "Telford ENG"]
[Date "2003.03.09"]
[Round "6.4"]
[White "May, Frank"]
[Black "Simons, Martin J"]
[Result "0-1"]
[WhiteElo "2161"]
[BlackElo "2262"]
[PlyCount "44"]
[EventDate "2003.03.09"]

1. Nf3 d6 2. d4 Bg4 3. c4 Nd7 4. Nc3 e5 5. e3 Ngf6 6. Be2 Be7 7. O-O O-O 8. b4
Re8 9. a4 c6 10. Ba3 Qc7 11. Rc1 a5 12. b5 Rad8 13. Re1 c5 14. Nd5 Nxd5 15.
cxd5 exd4 16. Nxd4 Bxe2 17. Nxe2 Bf6 18. Nf4 g6 19. Qc2 Nb6 20. Rcd1 Qe7 21. e4
Qe5 22. Nd3 Qc3 {White picked up Rook on d1 intending Rc1} 0-1

[Event "4NCL/Div2/WES1 vs. SWD2"]
[Site "Telford ENG"]
[Date "2003.03.09"]
[Round "6.5"]
[White "Corkett, Anthony R"]
[Black "Adams, Mark A"]
[Result "1-0"]
[WhiteElo "2313"]
[BlackElo "2106"]
[PlyCount "45"]
[EventDate "2003.03.09"]

1. d4 Nf6 2. Nf3 e6 3. e3 b6 4. Bd3 Bb7 5. c4 Bb4+ 6. Nbd2 O-O 7. O-O Bxd2 8.
Nxd2 d6 9. Qe2 Nbd7 10. b3 c5 11. Bb2 Re8 12. Rad1 Qc7 13. Rc1 e5 14. d5 e4 15.
Bb1 Re7 16. f4 exf3 17. Rxf3 Ne5 18. Rxf6 gxf6 19. Qh5 f5 20. Qg5+ Kh8 21. Qf6+
Kg8 22. Bxf5 Ree8 23. Ne4 1-0

[Event "4NCL/Div2/WES1 vs. SWD2"]
[Site "Telford ENG"]
[Date "2003.03.09"]
[Round "6.6"]
[White "Brown, Alan M"]
[Black "Upton, Ian J"]
[Result "1/2-1/2"]
[WhiteElo "2133"]
[BlackElo "2224"]
[PlyCount "113"]
[EventDate "2003.03.09"]

1. d4 e6 2. e4 d5 3. Nc3 Nf6 4. Bg5 dxe4 5. Nxe4 Be7 6. Nxf6+ Bxf6 7. Bxf6 Qxf6
8. Nf3 Nd7 9. Qd2 c5 10. O-O-O O-O 11. Bb5 cxd4 12. Qxd4 Nb6 13. Ne5 a6 14. Be2
Nd5 15. Bf3 b5 16. Nc6 Qh6+ 17. Kb1 Re8 18. Rhe1 Bb7 19. Na5 Reb8 20. Nxb7 Rxb7
21. Bxd5 exd5 22. Qxd5 Rbb8 23. Qe5 Qc6 24. Rd6 Qc8 25. Qd5 Qf8 26. Rd7 Rd8 27.
Rd1 Rxd7 28. Qxd7 h6 29. Kc1 Qc5 30. Qd5 Qa7 31. Qf5 Rf8 32. Rd3 Qb6 33. a3 Qc6
34. Qd5 Qc7 35. g3 Qa7 36. Qd4 Qb7 37. f3 Qe7 38. Re3 Qc7 39. Rc3 Qe7 40. Re3
Qc7 41. Qd2 Rd8 42. Rd3 Rxd3 43. Qxd3 Qc5 44. Qf1 Qe3+ 45. Kb1 Qd2 46. h4 h5
47. c3 Qd6 48. Qf2 Qd3+ 49. Kc1 f5 50. f4 g6 51. Qe1 Kf7 52. Qf2 Kg8 53. Qe1
Kf7 54. Qg1 Kg8 55. Qf2 Kh7 56. Qa7+ Kg8 57. Qb8+ 1/2-1/2

[Event "4NCL/Div2/WES1 vs. SWD2"]
[Site "Telford ENG"]
[Date "2003.03.09"]
[Round "6.7"]
[White "Neil, David R"]
[Black "Miles, Richard"]
[Result "1/2-1/2"]
[WhiteElo "2204"]
[BlackElo "2078"]
[PlyCount "59"]
[EventDate "2003.03.09"]

1. e4 c5 2. Nc3 Nc6 3. f4 e6 4. Nf3 d5 5. Bb5 Nge7 6. exd5 exd5 7. Qe2 a6 8.
Bxc6+ bxc6 9. d3 g6 10. O-O Bg7 11. Re1 Ra7 12. Qf2 O-O 13. Qxc5 Rb7 14. Rb1
Be6 15. Bd2 Qc7 16. Ne5 Rc8 17. Ne2 Nf5 18. Bc3 Bf8 19. Qf2 c5 20. g4 Ng7 21.
Ng3 d4 22. Bd2 Bxa2 23. Ra1 Rxb2 24. Bc1 Rcb8 25. Bxb2 Rxb2 26. Ne4 Be7 27. Nc4
Bxc4 28. dxc4 f5 29. gxf5 Nxf5 30. Reb1 1/2-1/2

[Event "4NCL/Div2/WES1 vs. SWD2"]
[Site "Telford ENG"]
[Date "2003.03.09"]
[Round "6.8"]
[White "Evans-Quek, Debbie"]
[Black "Khoo, Teresa"]
[Result "1-0"]
[WhiteElo "2024"]
[BlackElo "2108"]
[PlyCount "80"]
[EventDate "2003.03.09"]

1. g3 Nf6 2. Bg2 g6 3. Nf3 Bg7 4. O-O d6 5. d3 c5 6. e4 Nc6 7. c3 O-O 8. a3 a5
9. a4 e5 10. Re1 h6 11. Na3 Be6 12. h3 Qd7 13. Kh2 Ne8 14. Be3 f5 15. exf5 gxf5
16. d4 f4 17. d5 fxe3 18. dxe6 Qxe6 19. Rxe3 Nc7 20. Qe2 Rad8 21. Nb5 Qf7 22.
Kg1 Rfe8 23. Nh4 d5 24. Nf5 Nxb5 25. axb5 Qxf5 26. bxc6 bxc6 27. Rxa5 Qb1+ 28.
Kh2 Rb8 29. Rxc5 Rxb2 30. Qh5 Rf8 31. Rf3 Rxf2 32. Rxf8+ Rxf8 33. Rxc6 Qb5 34.
Qg6 Qb7 35. Bxd5+ Kh8 36. Be4 Qb2+ 37. Bg2 Qb7 38. Rb6 Qe7 39. Rb7 Qf6 40. Qg4
Qf5 1-0

[Event "4NCL/Div2/AD2 vs. GUI2"]
[Site "Telford ENG"]
[Date "2003.03.09"]
[Round "6.1"]
[White "Bisby, Daniel L"]
[Black "Thompson, Ian D"]
[Result "0-1"]
[WhiteElo "2283"]
[BlackElo "2256"]
[PlyCount "66"]
[EventDate "2003.03.09"]

1. e4 e6 2. d3 d5 3. Nd2 Nf6 4. Ngf3 c5 5. g3 Nc6 6. Bg2 Be7 7. O-O b6 8. Re1
Bb7 9. e5 Nd7 10. c4 dxc4 11. dxc4 Qc7 12. Ne4 Rd8 13. Nd6+ Bxd6 14. exd6 Qc8
15. Bf4 O-O 16. h4 Rfe8 17. Ng5 Nf6 18. Nf3 Nd7 19. Bh3 Nf8 20. h5 h6 21. Kh2
Qd7 22. a3 f6 23. Nh4 Nd4 24. Qg4 e5 25. Qd1 Qf7 26. d7 Nxd7 27. Be3 Nf8 28.
Bxd4 Rxd4 29. Qa4 Qxh5 30. Qxa7 Rxh4 31. gxh4 Qf3 32. Rf1 Ng6 33. Qxb6 Nf4 0-1

[Event "4NCL/Div2/AD2 vs. GUI2"]
[Site "Telford ENG"]
[Date "2003.03.09"]
[Round "6.2"]
[White "Jackson, Adrian"]
[Black "Lyell, Mark"]
[Result "0-1"]
[WhiteElo "2232"]
[BlackElo "2242"]
[PlyCount "37"]
[EventDate "2003.03.09"]

1. e4 e5 2. Nf3 Nc6 3. Bb5 f5 4. Nc3 fxe4 5. Nxe4 Nf6 6. Qe2 d5 7. Ng3 Bd6 8.
Nxe5 O-O 9. Nxc6 bxc6 10. Bxc6 Rb8 11. O-O Rb6 12. Ba4 Ng4 13. h3 Bxg3 14. fxg3
Re6 15. Qxg4 Rxf1+ 16. Kxf1 Rf6+ 17. Qf4 g5 18. Qxf6 Qxf6+ 19. Ke2 0-1

[Event "4NCL/Div2/AD2 vs. GUI2"]
[Site "Telford ENG"]
[Date "2003.03.09"]
[Round "6.3"]
[White "Wheeler, Darren P"]
[Black "Frostick, Clive A"]
[Result "1-0"]
[WhiteElo "2210"]
[BlackElo "2216"]
[PlyCount "95"]
[EventDate "2003.03.09"]

1. e4 c5 2. f4 d5 3. exd5 Nf6 4. Bb5+ Bd7 5. Bxd7+ Qxd7 6. c4 e6 7. Qe2 Be7 8.
dxe6 fxe6 9. Nf3 Nc6 10. Ne5 Qc7 11. Nxc6 Qxc6 12. O-O O-O-O 13. d3 Rhe8 14.
Nc3 Bd6 15. Ne4 e5 16. f5 Rd7 17. Bd2 Bc7 18. Bc3 Red8 19. Rf3 Nh5 20. Bd2 Nf6
21. Bg5 Re8 22. Bxf6 gxf6 23. Rg3 Rf7 24. Qf2 b6 25. Rd1 Ref8 26. Rg4 Qd7 27.
Nc3 Rg7 28. Rxg7 Qxg7 29. Qf3 Qd7 30. Nd5 Kb8 31. Qe4 Bd8 32. Rf1 Rg8 33. Rf3
Rg5 34. Ne3 Qb7 35. Qxb7+ Kxb7 36. Rh3 Rg7 37. Rh6 Rf7 38. Nd5 Kc8 39. Kf2 Kd7
40. Kf3 Be7 41. Ke4 Bd8 42. Rh4 Rg7 43. Kf3 Ke8 44. Rg4 Rxg4 45. Kxg4 Kf7 46.
Kh5 Kg7 47. a4 h6 48. Ne3 1-0

[Event "4NCL/Div2/AD2 vs. GUI2"]
[Site "Telford ENG"]
[Date "2003.03.09"]
[Round "6.4"]
[White "Granat, Russell G"]
[Black "Ghasi, Sumeet K"]
[Result "1-0"]
[WhiteElo "2245"]
[BlackElo "2160"]
[PlyCount "83"]
[EventDate "2003.03.09"]

1. e4 c5 2. Nf3 d6 3. d4 cxd4 4. Nxd4 Nf6 5. Nc3 a6 6. Be2 e6 7. Be3 Be7 8. O-O
Qc7 9. a4 b6 10. f4 Bb7 11. Bf3 O-O 12. Qe1 Nc6 13. Nxc6 Bxc6 14. Qg3 Rfe8 15.
Bd4 e5 16. fxe5 dxe5 17. Be3 Bf8 18. Kh1 Rab8 19. Bg5 Nd7 20. Rad1 Nc5 21. Nd5
Bxd5 22. exd5 Qd6 23. Bh5 g6 24. Be2 Bg7 25. Qa3 a5 26. Bb5 Rf8 27. c4 f5 28.
Be3 Ra8 29. b4 axb4 30. Qxb4 Rfc8 31. Bc6 Rxc6 32. dxc6 Qxc6 33. Qb5 Qxb5 34.
axb5 Bf8 35. Ra1 Rc8 36. Rfd1 e4 37. g4 fxg4 38. Ra7 Nd3 39. Bxb6 Rxc4 40. Be3
Bc5 41. Bxc5 Rxc5 42. Rb1 1-0

[Event "4NCL/Div2/AD2 vs. GUI2"]
[Site "Telford ENG"]
[Date "2003.03.09"]
[Round "6.5"]
[White "Gunter, David WW"]
[Black "Richardson, Keith B"]
[Result "0-1"]
[WhiteElo "2133"]
[BlackElo "2141"]
[PlyCount "32"]
[EventDate "2003.03.09"]

1. d4 Nf6 2. Bg5 Ne4 3. Bf4 c5 4. f3 Qa5+ 5. c3 Nf6 6. Nd2 cxd4 7. Nb3 Qb6 8.
Qxd4 Nc6 9. Qxb6 axb6 10. Be3 g6 11. Bxb6 Bh6 12. e4 d5 13. Bd3 O-O 14. Nd2 Be6
15. a3 Ne5 16. Bc2 Bxd2+ 0-1

[Event "4NCL/Div2/AD2 vs. GUI2"]
[Site "Telford ENG"]
[Date "2003.03.09"]
[Round "6.6"]
[White "Anderton, Matthew N"]
[Black "Mangwengwende, John"]
[Result "1-0"]
[WhiteElo "2208"]
[BlackElo "2163"]
[PlyCount "93"]
[EventDate "2003.03.09"]

1. e4 e5 2. Nf3 Nc6 3. Bb5 a6 4. Ba4 Nf6 5. O-O Be7 6. Re1 b5 7. Bb3 d6 8. c3
O-O 9. h3 Na5 10. Bc2 c5 11. d4 Qc7 12. Nbd2 Bd7 13. Nf1 Nc4 14. b3 Nb6 15. Ne3
Rfe8 16. dxe5 dxe5 17. c4 g6 18. Bb2 Bf8 19. a4 bxa4 20. bxa4 a5 21. Rb1 Rad8
22. Nxe5 Bxa4 23. Nd5 Nfxd5 24. exd5 Bxc2 25. Qxc2 Bg7 26. Ng4 Nd7 27. Bxg7
Kxg7 28. Qc3+ f6 29. Re6 Rxe6 30. dxe6 Ne5 31. Ne3 Rd3 32. Nd5 Rxc3 33. Nxc7
Nc6 34. Rb6 Rc1+ 35. Kh2 Ne7 36. Rb7 Kf8 37. Rb8+ Kg7 38. Rb7 Kf8 39. Rb8+ Kg7
40. Re8 Nc6 41. Rc8 Ne7 42. Ne8+ Kh6 43. Rc7 Nf5 44. Nxf6 Re1 45. Rxh7+ Kg5 46.
Nd5 Rxe6 47. f4# 1-0

[Event "4NCL/Div2/AD2 vs. GUI2"]
[Site "Telford ENG"]
[Date "2003.03.09"]
[Round "6.7"]
[White "Beveridge, Nigel"]
[Black "Coates, Kenneth G"]
[Result "1/2-1/2"]
[WhiteElo "2022"]
[BlackElo "2169"]
[PlyCount "74"]
[EventDate "2003.03.09"]

1. e4 e5 2. d4 exd4 3. Qxd4 Nc6 4. Qe3 Nf6 5. Nc3 Bb4 6. Bd2 O-O 7. O-O-O Re8
8. Qg3 Rxe4 9. a3 Bxc3 10. Bxc3 d6 11. h3 Ne8 12. Bd3 Re7 13. Nf3 Be6 14. Rhe1
Qd7 15. Ng5 Bf5 16. Ne4 Ne5 17. Bf1 Qc6 18. Qg5 Bxe4 19. Qxe7 Nf6 20. Rxe4 Qxe4
21. Qxc7 Nd5 22. Qa5 Nxc3 23. Qxc3 Qf4+ 24. Qd2 Qxd2+ 25. Rxd2 Rd8 26. Rd5 Kf8
27. Kd2 Ke7 28. f4 Nd7 29. Ke3 Rc8 30. Bd3 Nf6 31. Rb5 Rc7 32. g4 a6 33. Ra5 g6
34. Kd4 Nd7 35. b4 Nb8 36. b5 axb5 37. Rxb5 Nd7 1/2-1/2

[Event "4NCL/Div2/AD2 vs. GUI2"]
[Site "Telford ENG"]
[Date "2003.03.09"]
[Round "6.8"]
[White "Forintos-Kosten, Gyongyver"]
[Black "McIntosh, Doreen"]
[Result "1-0"]
[WhiteElo "1528"]
[BlackElo "1344"]
[PlyCount "161"]
[EventDate "2003.03.09"]

1. d4 d5 2. Nf3 Nf6 3. Bg5 Nbd7 4. e3 e6 5. Bd3 c6 6. c3 Bd6 7. Nbd2 Qc7 8. Qc2
b6 9. e4 dxe4 10. Nxe4 Nxe4 11. Bxe4 h6 12. Bh4 Ba6 13. O-O-O Bb7 14. Rhe1 Nf6
15. Bg3 Bxg3 16. hxg3 O-O 17. Bd3 c5 18. Bf1 Rfd8 19. dxc5 Rxd1+ 20. Rxd1 Qxc5
21. Bd3 Rc8 22. Kb1 Ng4 23. Rf1 Bxf3 24. gxf3 Nh2 25. Rd1 Nxf3 26. Be4 Ne5 27.
f4 Ng4 28. Rd4 Kf8 29. Qd2 Re8 30. Bf3 Nf6 31. g4 Ng8 32. Kc2 Ne7 33. Rd7 b5
34. a3 a5 35. Qd4 Qxd4 36. Rxd4 g6 37. Rd7 Rb8 38. b3 Ke8 39. Ra7 b4 40. Rxa5
bxa3 41. Rxa3 Nd5 42. Bxd5 exd5 43. Ra5 Rd8 44. Kd3 Ke7 45. Kd4 Ke6 46. b4 f5
47. Ra6+ Rd6 48. gxf5+ gxf5 49. b5 Kd7 50. b6 Re6 51. b7 Re4+ 52. Kxd5 Kc7 53.
Rb6 Kb8 54. Rb4 Re7 55. Rb6 Rh7 56. Ke5 h5 57. Kxf5 h4 58. Rb1 h3 59. Rh1 Kxb7
60. Kg4 h2 61. f5 Rg7+ 62. Kf3 Rc7 63. Rxh2 Rxc3+ 64. Kg4 Kc8 65. Rd2 Rc7 66.
Kg5 Rc1 67. Kg6 Rg1+ 68. Kf7 Kc7 69. f6 Rf1 70. Ke7 Re1+ 71. Kf8 Rf1 72. f7 Rf4
73. Rd5 Kc6 74. Rd8 Kc7 75. Rd5 Kc6 76. Rd2 Kc7 77. Kg7 Rg4+ 78. Kf6 Rf4+ 79.
Ke6 Re4+ 80. Kf5 Re1 81. Rf2 1-0

[Event "4NCL/Div2/NWE1 vs. 3CS1"]
[Site "Telford ENG"]
[Date "2003.03.09"]
[Round "6.1"]
[White "Shaw, John K"]
[Black "Davies, Nigel R"]
[Result "1/2-1/2"]
[WhiteElo "2470"]
[BlackElo "2483"]
[PlyCount "32"]
[EventDate "2003.03.09"]

1. e4 Nf6 2. e5 Nd5 3. d4 d6 4. c4 Nb6 5. exd6 exd6 6. Nc3 Be7 7. Bd3 O-O 8.
Nge2 Nc6 9. O-O Re8 10. b3 Bf6 11. Be4 g6 12. Be3 Ne7 13. c5 Nd7 14. b4 Bg7 15.
Bf4 Nf6 16. Bf3 Nf5 1/2-1/2

[Event "4NCL/Div2/NWE1 vs. 3CS1"]
[Site "Telford ENG"]
[Date "2003.03.09"]
[Round "6.2"]
[White "Arkell, Keith C"]
[Black "Hanley, Craig A"]
[Result "1/2-1/2"]
[WhiteElo "2527"]
[BlackElo "2359"]
[PlyCount "34"]
[EventDate "2003.03.09"]

1. c4 e5 2. Nc3 Nf6 3. g3 c6 4. d4 exd4 5. Qxd4 d5 6. Bg2 Be6 7. cxd5 cxd5 8.
Nf3 Nc6 9. Qa4 Bc5 10. O-O O-O 11. Bg5 h6 12. Bxf6 Qxf6 13. Rac1 Rfd8 14. e3
Rac8 15. Ne2 Qxb2 16. Rxc5 Qxe2 17. Rb1 d4 1/2-1/2

[Event "4NCL/Div2/NWE1 vs. 3CS1"]
[Site "Telford ENG"]
[Date "2003.03.09"]
[Round "6.3"]
[White "Crouch, Colin S"]
[Black "James, Dale R"]
[Result "1/2-1/2"]
[WhiteElo "2388"]
[BlackElo "2214"]
[PlyCount "80"]
[EventDate "2003.03.09"]

1. d4 Nf6 2. c4 g6 3. Nc3 d5 4. Nf3 Bg7 5. cxd5 Nxd5 6. e4 Nxc3 7. bxc3 c5 8.
Rb1 Qa5 9. Rb5 Qxa2 10. Rxc5 Nd7 11. Rb5 a6 12. Rb3 Qa5 13. Be2 O-O 14. O-O b5
15. Ba3 Re8 16. c4 bxc4 17. Bxc4 Nb6 18. Bd3 Bg4 19. d5 Nd7 20. Qd2 Qa4 21. Bc2
Rac8 22. Bd1 Bxf3 23. gxf3 Ne5 24. Qb4 Qd7 25. f4 Nc4 26. Rg3 a5 27. Qa4 Qc7
28. Bg4 Nb6 29. Qxa5 Ra8 30. Qc5 Qxf4 31. Qxb6 Rxa3 32. Bd7 Rea8 33. Bc6 R3a6
34. Qe3 Qxe3 35. Rxe3 R8a7 36. e5 Bh6 37. Re4 Bf8 38. Kg2 e6 39. Rc1 exd5 40.
Bxd5 Kg7 1/2-1/2

[Event "4NCL/Div2/NWE1 vs. 3CS1"]
[Site "Telford ENG"]
[Date "2003.03.09"]
[Round "6.4"]
[White "Clarke, Stuart W"]
[Black "Quillan, Gary"]
[Result "1-0"]
[WhiteElo "2287"]
[BlackElo "2305"]
[PlyCount "81"]
[EventDate "2003.03.09"]

1. e4 e6 2. d4 d5 3. Nd2 Nf6 4. e5 Nfd7 5. c3 c5 6. Bd3 Nc6 7. Ne2 cxd4 8. cxd4
f6 9. exf6 Nxf6 10. O-O Bd6 11. Nf3 Qc7 12. Nc3 a6 13. Bg5 O-O 14. Bh4 Nh5 15.
Rc1 g6 16. Na4 Nf4 17. a3 b5 18. Nc5 Qb6 19. Nb3 Ra7 20. Re1 a5 21. Bf1 a4 22.
Nc5 Rc7 23. g3 Nh5 24. Nxe6 Bxe6 25. Rxe6 Nxd4 26. Nxd4 Rxc1 27. Qxc1 Qxd4 28.
Qe3 Qxe3 29. fxe3 Bc5 30. Bxb5 Ng7 31. Re5 Nf5 32. Bg5 h6 33. Bf4 g5 34. Rxd5
Bb6 35. Bc4 Kg7 36. Be5+ Kg6 37. Bd3 Bxe3+ 38. Kg2 h5 39. Rd6+ Kh7 40. Rd7+ Kh6
41. Bg7+ 1-0

[Event "4NCL/Div2/NWE1 vs. 3CS1"]
[Site "Telford ENG"]
[Date "2003.03.09"]
[Round "6.5"]
[White "Kennaugh, Charles W"]
[Black "Gordon, Stephen J"]
[Result "0-1"]
[WhiteElo "2290"]
[BlackElo "2159"]
[PlyCount "82"]
[EventDate "2003.03.09"]

1. e4 c5 2. Nf3 e6 3. Nc3 a6 4. d4 cxd4 5. Nxd4 Qc7 6. Bd3 Nf6 7. O-O Be7 8.
Qe2 d6 9. Kh1 Nc6 10. Nxc6 bxc6 11. f4 e5 12. Bc4 O-O 13. f5 Bb7 14. Bg5 Rfd8
15. Rad1 h6 16. Bh4 a5 17. b3 a4 18. Bxf6 Bxf6 19. Nxa4 d5 20. Bd3 Qa5 21. c4
d4 22. c5 Ba6 23. Rc1 Bg5 24. Rc2 Bxd3 25. Qxd3 Qb5 26. Rd1 Ra5 27. Nb6 Qb4 28.
Na4 Qb5 29. Rc4 Kf8 30. Kg1 Kg8 31. Kf1 g6 32. fxg6 fxg6 33. Ke2 Rf8 34. Rf1
Rxf1 35. Kxf1 Ra8 36. Ke2 Kg7 37. Rc2 Qb7 38. Qc4 Qd7 39. Kd3 Qg4 40. Re2 h5
41. Nb6 Rxa2 0-1

[Event "4NCL/Div2/NWE1 vs. 3CS1"]
[Site "Telford ENG"]
[Date "2003.03.09"]
[Round "6.6"]
[White "Ashton, Adam G"]
[Black "Richards, Heather"]
[Result "1/2-1/2"]
[WhiteElo "2175"]
[BlackElo "2221"]
[PlyCount "129"]
[EventDate "2003.03.09"]

1. e4 e6 2. Nc3 d5 3. Nf3 Nf6 4. e5 Nfd7 5. d4 c5 6. dxc5 Bxc5 7. Bd3 Nc6 8.
Bf4 a6 9. Qe2 Nd4 10. Nxd4 Bxd4 11. O-O Qc7 12. Rfe1 Bxc3 13. bxc3 Qxc3 14.
Rab1 Qa5 15. Bd2 Qc7 16. Bb4 Nc5 17. Qe3 b6 18. Qg5 O-O 19. Re3 Qd8 20. Qh5 g6
21. Rg3 Ra7 22. Bc3 d4 23. Bb4 f5 24. Qh6 Qc7 25. Re1 a5 26. Ba3 Rd8 27. h4
Nxd3 28. Rxd3 Qxc2 29. Rxd4 Re8 30. Red1 Qc7 31. h5 Qg7 32. Qg5 gxh5 33. Qxh5
Qg6 34. Qh3 Rg7 35. Rd8 Bb7 36. f3 Bd5 37. Rxe8+ Qxe8 38. Rc1 b5 39. Bd6 Qa8
40. Kf2 Bxa2 41. Rc5 Bc4 42. Qh6 Qe8 43. Qd2 a4 44. Qa5 h5 45. Rc7 Qg6 46.
Rxg7+ Qxg7 47. Qd8+ Kh7 48. Qe8 Qa7+ 49. Kg3 f4+ 50. Kh3 Qg7 51. Qxh5+ Qh6 52.
Qxh6+ Kxh6 53. Kg4 Bf1 54. Kxf4 Bxg2 55. Ke3 Kg6 56. Kd4 Bxf3 57. Kc3 Kf5 58.
Kb4 Be2 59. Ka3 Ke4 60. Kb4 Kd4 61. Bc7 Bc4 62. Bd6 Kd3 63. Ka3 Kc2 64. Be7 Be2
65. Bb4 1/2-1/2

[Event "4NCL/Div2/NWE1 vs. 3CS1"]
[Site "Telford ENG"]
[Date "2003.03.09"]
[Round "6.7"]
[White "Littlewood, John E"]
[Black "Longson, Alexander"]
[Result "0-1"]
[WhiteElo "2286"]
[BlackElo "2202"]
[PlyCount "96"]
[EventDate "2003.03.09"]

1. e4 c5 2. c3 d5 3. exd5 Qxd5 4. d4 Nf6 5. Nf3 Bg4 6. Be2 e6 7. h3 Bh5 8. Na3
Nc6 9. Nb5 Qd7 10. g4 Bg6 11. Ne5 Nxe5 12. dxe5 Nd5 13. Qa4 a6 14. c4 Nb4 15.
O-O Rc8 16. Nd6+ Bxd6 17. Qxd7+ Kxd7 18. exd6 Nc2 19. Bf4 Nxa1 20. Rxa1 Be4 21.
Rd1 h6 22. f3 Bc6 23. Be3 a5 24. Bd2 b6 25. Bc3 f6 26. f4 Be4 27. Kf2 Rc6 28.
Ke3 Bg6 29. h4 Rxd6 30. Rg1 Ke7 31. h5 Be8 32. g5 hxg5 33. fxg5 e5 34. h6 gxh6
35. gxf6+ Kxf6 36. Bf3 Rd4 37. Bd5 Rf4 38. Be4 Bh5 39. Rh1 Bg4 40. Be1 Ke6 41.
Bg3 Rff8 42. Rh2 Rf1 43. Bd5+ Kd6 44. Be4 Rhf8 45. Rd2+ Ke6 46. Bd5+ Kf6 47.
Be4 Kg5 48. Rg2 h5 0-1

[Event "4NCL/Div2/NWE1 vs. 3CS1"]
[Site "Telford ENG"]
[Date "2003.03.09"]
[Round "6.8"]
[White "Kosteniuk, Oxana"]
[Black "Charleshouse, Glenn L"]
[Result "0-1"]
[WhiteElo "2184"]
[BlackElo "2284"]
[PlyCount "100"]
[EventDate "2003.03.09"]

1. e4 c5 2. Nf3 e6 3. d4 cxd4 4. Nxd4 Nf6 5. Nc3 d6 6. Be2 Be7 7. Be3 O-O 8.
O-O Nc6 9. Kh1 Qc7 10. f4 a6 11. Qe1 Bd7 12. Rd1 b5 13. a3 Nxd4 14. Bxd4 Bc6
15. Bf3 Rad8 16. Qg3 Qb7 17. Rfe1 g6 18. Rd3 d5 19. exd5 Bxd5 20. Bxd5 Nxd5 21.
Nxd5 Rxd5 22. Re5 Rfd8 23. Rxd5 Rxd5 24. Be5 Qd7 25. Rxd5 Qxd5 26. Qd3 Qxd3 27.
cxd3 Bc5 28. d4 Be7 29. Kg1 Kf8 30. Kf2 Ke8 31. Bc7 Kd7 32. Ba5 Kc6 33. Ke3 Kd5
34. Kd3 h5 35. Bd2 Bf6 36. Be3 a5 37. b3 a4 38. b4 Bd8 39. Bd2 Bc7 40. h3 Bb6
41. Be3 Bc7 42. g4 f6 43. f5 exf5 44. gxh5 gxh5 45. Bf2 Bb6 46. Bg1 f4 47. Bf2
f5 48. Bg1 Bd8 49. Bf2 Bf6 50. Bg1 Bh4 0-1